Statistics for Cities of Portland, Oregon

Click here to take the quiz!

General Stats

  • This quiz has been taken 80 times
  • The average score is 4 of 5

Answer Stats

city% Correct
Beaverton
89%
Gresham
83%
Portland
77%
Hillsboro
73%
Vancouver
70%

Score Distribution

Percentile by Number Answered

Percent of People with Each Score

Your Score History

You have not taken this quiz